[Event "Wch Blitz"]
[Site "Samarkand"]
[Date "2023.12.30"]
[Round "15"]
[White "Fedoseev, Vladimir1"]
[Black "Ruck, Robert"]
[Result "1-0"]
[WhiteElo "2683"]
[BlackElo "2531"]
[PlyCount "71"]
[EventDate "2023.12.29"]
[EventType "swiss (blitz)"]
[EventRounds "21"]
[EventCountry "UZB"]
[SourceTitle "CB01_2024"]
[SourceDate "2024.01.03"]
[SourceVersion "1"]
[SourceVersionDate "2024.01.03"]
[SourceQuality "1"]

1. d4 Nf6 2. c4 e6 3. Nc3 Bb4 4. e3 0-0 5. Nge2 Re8 6. Ng3 d5 7. Be2 c5 8. a3 Ba5 9. dxc5 Bxc3+ 10. bxc3 Qa5 11. cxd5 exd5 12. Qb3 Qxc5 13. c4 d4 14. Qb4 Na6 15. Qb5 dxe3 16. Bxe3 Qc7 17. Bd4 Qd6 18. Bxf6 Bd7 19. Rd1 Qxd1+ 20. Kxd1 Bxb5 21. cxb5 Nc5 22. Bg5 Ne6 23. Be3 Red8+ 24. Kc1 Rac8+ 25. Kb2 Nd4 26. Bd3 Rd5 27. Rd1 g6 28. Ne4 Kf8 29. Nc3 Rd7 30. Bf1 Rcd8 31. Bg5 Rc8 32. Bf6 Rxc3 33. Kxc3 Nxb5+ 34. Kc2 Nxa3+ 35. Kc1 Rc7+ 36. Kb2 1-0

[Event "Pontevedra op 11th"]
[Site "Pontevedra"]
[Date "2023.07.29"]
[Round "8"]
[White "Ruck, Robert"]
[Black "Martinez Ramirez, Lennis"]
[Result "1-0"]
[WhiteElo "2531"]
[BlackElo "2426"]
[PlyCount "115"]
[EventDate "2023.07.24"]
[EventType "swiss"]
[EventRounds "9"]
[EventCountry "ESP"]
[SourceTitle "CBM 215 Extra"]
[Source "ChessBase"]
[SourceDate "2023.09.30"]
[SourceVersion "1"]
[SourceVersionDate "2023.09.30"]
[SourceQuality "1"]

1. Nf3 Nf6 2. c4 g6 3. d4 Bg7 4. g3 0-0 5. Bg2 d5 6. cxd5 Nxd5 7. 0-0 Nb6 8. Nc3 Nc6 9. d5 Na5 10. Qc2 Bf5 11. e4 Bg4 12. Bf4 Nac4 13. b3 Bxf3 14. Bxf3 Ne5 15. Bg2 c6 16. Qe2 e6 17. dxe6 fxe6 18. Rad1 Qf6 19. Be3 Nf3+ 20. Bxf3 Qxf3 21. Qxf3 Rxf3 22. Ne2 e5 23. Rd2 Rff8 24. Rfd1 Bf6 25. Nc1 Rfd8 26. Nd3 Nd7 27. Kf1 Kf7 28. Ke2 Ke8 29. h4 h5 30. Bg5 Bxg5 31. hxg5 Rac8 32. f4 exf4 33. gxf4 c5 34. f5 c4 35. bxc4 Rxc4 36. Nf2 Rcc8 37. fxg6 Rc6 38. e5 Rxg6 39. Ne4 Ke7 40. Nf6 Rxg5 41. Rxd7+ Rxd7 42. Nxd7 h4 43. Kf3 h3 44. Kf4 Rg2 45. Nf6 h2 46. Rh1 Rxa2 47. Ng4 a5 48. Nxh2 Ra4+ 49. Kg5 b5 50. Nf3 Rc4 51. Kf5 a4 52. Rh7+ Kd8 53. Ra7 Rc7 54. Rxc7 Kxc7 55. Kf6 b4 56. e6 b3 57. Nd2 a3 58. Nxb3 1-0

[Event "Budapest Kallai Memorial Blitz"]
[Site "Budapest"]
[Date "2022.12.01"]
[Round "8"]
[White "Gaal, Zsoka"]
[Black "Ruck, Robert"]
[Result "0-1"]
[WhiteElo "2278"]
[BlackElo "2534"]
[PlyCount "74"]
[EventDate "2022.12.01"]
[EventType "tourn (blitz)"]
[EventRounds "9"]
[EventCountry "HUN"]
[EventCategory "11"]
[SourceTitle "CBM 211 Extra"]
[Source "ChessBase"]
[SourceDate "2023.01.31"]
[SourceVersion "1"]
[SourceVersionDate "2023.01.31"]
[SourceQuality "1"]

1. Nf3 d5 2. g3 g6 3. Bg2 Bg7 4. d4 Nf6 5. 0-0 0-0 6. c4 c6 7. Qb3 a5 8. cxd5 a4 9. Qd1 cxd5 10. Nc3 Qa5 11. Bd2 Qa6 12. Ne5 Nc6 13. e3 e6 14. f4 Nd7 15. a3 Ndxe5 16. fxe5 Bd7 17. Na2 f5 18. exf6 Rxf6 19. Rxf6 Bxf6 20. Nb4 Nxb4 21. Bxb4 Bg5 22. Qf3 Qd3 23. Re1 Qf5 24. Qe2 Qf6 25. Rf1 Qg7 26. Qg4 Bxe3+ 27. Kh1 Bxd4 28. Qg5 h6 29. Qf4 Re8 30. h4 Bc6 31. h5 g5 32. Qd2 Be5 33. Bh3 Bxg3 34. Qd3 d4+ 35. Kg1 Bf4 36. Bc5 Be3+ 37. Kh2 Qe5+ 0-1

[Event "Budapest Kallai Memorial Blitz"]
[Site "Budapest"]
[Date "2022.12.01"]
[Round "1"]
[White "Kozak, Adam"]
[Black "Ruck, Robert"]
[Result "1-0"]
[WhiteElo "2549"]
[BlackElo "2534"]
[PlyCount "39"]
[EventDate "2022.12.01"]
[EventType "tourn (blitz)"]
[EventRounds "9"]
[EventCountry "HUN"]
[EventCategory "11"]
[SourceTitle "CBM 211 Extra"]
[Source "ChessBase"]
[SourceDate "2023.01.31"]
[SourceVersion "1"]
[SourceVersionDate "2023.01.31"]
[SourceQuality "1"]

1. Nf3 g6 2. c4 Bg7 3. Nc3 c5 4. g3 Nc6 5. Bg2 d6 6. d3 e6 7. h4 h5 8. Bg5 Nge7 9. 0-0 b6 10. Ne4 d5 11. Nf6+ Kf8 12. d4 Ba6 13. cxd5 exd5 14. dxc5 bxc5 15. Rc1 c4 16. Qa4 Bc8 17. Rfd1 Qd6 18. Nxd5 Nxd5 19. Qxc4 Nce7 20. Rxd5 1-0

[Event "Budapest Kallai Memorial Rapid"]
[Site "Budapest"]
[Date "2022.11.30"]
[Round "7"]
[White "Troff, Kayden W"]
[Black "Ruck, Robert"]
[Result "1-0"]
[WhiteElo "2483"]
[BlackElo "2534"]
[PlyCount "145"]
[EventDate "2022.11.28"]
[EventType "tourn (rapid)"]
[EventRounds "9"]
[EventCountry "HUN"]
[EventCategory "11"]
[SourceTitle "CBM 211 Extra"]
[Source "ChessBase"]
[SourceDate "2023.01.31"]
[SourceVersion "1"]
[SourceVersionDate "2023.01.31"]
[SourceQuality "1"]

1. e4 c6 2. Ne2 d5 3. e5 c5 4. d4 Nc6 5. c3 cxd4 6. cxd4 Bf5 7. Nbc3 e6 8. a3 Nge7 9. Ng3 Bg6 10. Be3 Nf5 11. Nxf5 Bxf5 12. Bd3 Bxd3 13. Qxd3 Be7 14. b4 Rc8 15. 0-0 h5 16. Rac1 g6 17. f4 Qd7 18. h3 h4 19. Bf2 Kf8 20. Nd1 Kg7 21. Ne3 a5 22. b5 Na7 23. a4 Rxc1 24. Rxc1 Rc8 25. Rc2 Bd8 26. Ng4 Rxc2 27. Qxc2 Qc8 28. Qd2 Kf8 29. f5 exf5 30. Qh6+ Ke8 31. Ne3 Qe6 32. Qh8+ Kd7 33. Bxh4 Bxh4 34. Qxh4 Nc8 35. Qe1 Qb6 36. Qc3 Ne7 37. Kh2 Qc7 38. Qb3 Ke6 39. g4 f4 40. Ng2 Qc1 41. Qf3 g5 42. h4 gxh4 43. Qxf4 Qa3 44. Nxh4 Qxa4 45. Qf6+ Kd7 46. Qd6+ Ke8 47. Qb8+ Kd7 48. Qxb7+ Ke8 49. Qb8+ Kd7 50. Nf3 Qc2+ 51. Kg3 Qc7 52. Qf8 a4 53. Qxf7 a3 54. Qf6 a2 55. Qa6 Qc2 56. e6+ Kd8 57. Qa8+ Nc8 58. Qxd5+ Kc7 59. Qa8 Qb2 60. Qc6+ Kb8 61. b6 Qxb6 62. Qxb6+ Nxb6 63. e7 a1Q 64. e8Q+ Kc7 65. Qe5+ Kd7 66. Qb5+ Kc7 67. Qc5+ Kb7 68. g5 Qb1 69. Qe7+ Kc8 70. Qe6+ Kc7 71. g6 Nd7 72. g7 Qh7 73. g8Q 1-0

[Event "AUT-chT2M 2223"]
[Site "Austria"]
[Date "2022.09.30"]
[Round "1.1"]
[White "Nemeth, Miklos"]
[Black "Ruck, Robert"]
[Result "1/2-1/2"]
[WhiteElo "2459"]
[BlackElo "2542"]
[PlyCount "29"]
[EventDate "2022.09.30"]
[EventType "team-tourn"]
[EventRounds "11"]
[EventCountry "AUT"]
[SourceTitle "CBM 210 Extra"]
[Source "ChessBase"]
[SourceDate "2022.11.30"]
[SourceVersion "1"]
[SourceVersionDate "2022.11.30"]
[SourceQuality "1"]
[WhiteTeam "Steyregg"]
[BlackTeam "Fuerstenfeld/Hartberg"]
[WhiteTeamCountry "AUT"]
[BlackTeamCountry "AUT"]

1. e4 c6 2. d4 d5 3. Nc3 dxe4 4. Nxe4 Bf5 5. Ng3 Bg6 6. Nf3 Nd7 7. Bd3 Ngf6 8. 0-0 e6 9. Re1 Be7 10. Bg5 0-0 11. Bxg6 hxg6 12. Qd3 Qa5 13. Qb3 Qb6 14. Ne5 Nd5 15. Rad1 1/2-1/2

[Event "Pontevedra op-A 10th"]
[Site "Pontevedra"]
[Date "2022.07.28"]
[Round "7"]
[White "Mendonca, Leon Luke"]
[Black "Ruck, Robert"]
[Result "1/2-1/2"]
[WhiteElo "2567"]
[BlackElo "2544"]
[PlyCount "214"]
[EventDate "2022.07.24"]
[EventType "swiss"]
[EventRounds "9"]
[EventCountry "ESP"]
[SourceTitle "CBM 209 Extra"]
[Source "ChessBase"]
[SourceDate "2022.09.30"]
[SourceVersion "1"]
[SourceVersionDate "2022.09.30"]
[SourceQuality "1"]

1. d4 Nf6 2. c4 e6 3. Nf3 d5 4. Nc3 Bb4 5. cxd5 exd5 6. Bf4 c6 7. e3 Bf5 8. Qb3 Qb6 9. Nh4 Be6 10. Bd3 Nh5 11. Bg3 Nxg3 12. hxg3 g6 13. Nf3 Be7 14. Qc2 Nd7 15. Ne2 c5 16. dxc5 Nxc5 17. 0-0 Bf6 18. Ned4 0-0 19. Be2 Rac8 20. Rac1 Bd7 21. b3 Rc7 22. Qb1 Rfc8 23. Rc2 Ne4 24. Rxc7 Rxc7 25. Bd3 Nc3 26. Qb2 Bg4 27. Kh2 Kg7 28. Qd2 Ne4 29. Bxe4 dxe4 30. Ng1 Rd7 31. Nge2 Rd8 32. Rc1 Bxe2 33. Qxe2 Bxd4 34. exd4 Rxd4 35. Qe3 Qf6 36. Rc7 Qe5 37. Qf4 Qh5+ 38. Qh4 Qxh4+ 39. gxh4 e3 40. fxe3 Rxh4+ 41. Kg3 Rb4 42. Kf3 h5 43. Rd7 Kf6 44. Rc7 Ke6 45. e4 g5 46. Rc5 f6 47. Rc7 a6 48. Ke3 h4 49. Rc8 f5 50. exf5+ Kxf5 51. Rc7 Kg4 52. Rg7 Rb5 53. Kf2 Ra5 54. a4 Rf5+ 55. Kg1 b5 56. axb5 Rxb5 57. Ra7 a5 58. Kf2 Kf4 59. Rc7 Ke4 60. Rc3 Kd4 61. Rf3 Re5 62. g3 hxg3+ 63. Rxg3 Kc5 64. Rg4 Kb5 65. Kf3 Kb6 66. Kf2 Rb5 67. Ke2 Kc6 68. Kd2 Kd6 69. Ke2 Ke6 70. Ra4 Kf5 71. Kf2 Kg6 72. Kg2 Kh5 73. Ra1 g4 74. Rh1+ Kg5 75. Ra1 Kf4 76. Ra4+ Ke3 77. Rxg4 Kd2 78. Rg8 Rxb3 79. Ra8 Rb5 80. Kf3 Kd3 81. Kf2 Re5 82. Kf3 Kc3 83. Kf4 Rb5 84. Ke3 Re5+ 85. Kf4 Rd5 86. Ke4 Rb5 87. Ke3 Kb2 88. Kd3 Kb3 89. Kd2 Rh5 90. Rb8+ Ka2 91. Ra8 Rc5 92. Ra7 Kb2 93. Rb7+ Ka3 94. Ra7 a4 95. Rb7 Ka2 96. Ra7 a3 97. Rb7 Rh5 98. Kc2 Rh2+ 99. Kc1 Rb2 100. Ra7 Rb8 101. Rc7 Ka1 102. Rc3 a2 103. Rc7 Rb6 104. Rc8 Rb7 105. Kc2 Rb2+ 106. Kc1 Rh2 107. Rc7 Rg2 1/2-1/2

[Event "Pontevedra op-A 10th"]
[Site "Pontevedra"]
[Date "2022.07.27"]
[Round "6"]
[White "Ruck, Robert"]
[Black "Vignesh, NR."]
[Result "1/2-1/2"]
[WhiteElo "2544"]
[BlackElo "2427"]
[PlyCount "69"]
[EventDate "2022.07.24"]
[EventType "swiss"]
[EventRounds "9"]
[EventCountry "ESP"]
[SourceTitle "CBM 209 Extra"]
[Source "ChessBase"]
[SourceDate "2022.09.30"]
[SourceVersion "1"]
[SourceVersionDate "2022.09.30"]
[SourceQuality "1"]

1. Nf3 d5 2. d4 Nf6 3. c4 e6 4. Nc3 a6 5. cxd5 exd5 6. Bf4 Bd6 7. Bg3 0-0 8. e3 Re8 9. Bd3 c5 10. dxc5 Bxc5 11. 0-0 Nc6 12. Rc1 h6 13. Be2 d4 14. exd4 Bxd4 15. Nxd4 Nxd4 16. Re1 Nxe2+ 17. Rxe2 Qxd1+ 18. Rxd1 Rxe2 19. Nxe2 Be6 20. Nc3 Rc8 21. Be5 Nd7 22. Bd4 Nb8 23. Bb6 Nc6 24. f4 Kh7 25. a3 Ne7 26. Kf2 Rc6 27. Be3 Nf5 28. Ne2 Bb3 29. Rc1 Re6 30. Rc3 Bd5 31. g4 Nd6 32. Ng3 Ne4+ 33. Nxe4 Rxe4 34. Rd3 Bc6 35. Rd4 1/2-1/2